000 00796nam a2200265Ia 4500
003 OSt
005 20220912151504.0
006 a|||||r|||| 00| 0
007 ta
008 220909b |||||||| |||| 00| 0 eng d
024 _a421
037 _cTextual
040 _aCSL
_beng
_cCSL
041 _aeng
082 _aB20aD65,8(B)p1,N85, M5
100 _aCaviness Bob F. Ed.
111 _aEuropean conference on computer algebra (1987 : Leipzing)
245 0 _aProceeding on computer algebra
260 _aBerlin
_bSpringer-Verlag
_c1985
300 _a499p.
_ccm.
490 _aLecture notes in computer science; 378
700 _a Davenport J H
942 _hB20aD65,8(B)p1,N85, M5
_cTEXL
_2CC
999 _c69781
_d69781